000 00693nam a2200265 a 4500
001 31358
003 AR-BaAGN
005 20231116145651.0
007 ta
008 220625s2019 ag |||||r|||| ||||||spa d
020 _a978-987-1898-54-1
040 _dAR-BaAGN
_aAR-BaAGN
_bspa
_eaacr
100 1 _aBaima Cerri, Ebe María
245 1 0 _aAvelardo Giacosa :
_by su sueño hecho realidad
250 _a1ª ed.
260 _aSan Francisco :
_bCEAediciones,
_c2019.
300 _a218 páginas :
_bilustraciones
336 _2rdacontent
_btxt
337 _2rdamedia
_bn
338 _2rdacarrier
_bnc
650 4 _aINDUSTRIA
_91527
942 _cLIBRO
999 _c31358
_d31358